Czech Republic True or False? - Statistics

General Stats
  • This quiz has been taken 150 times
  • The average score is 12 of 15
Answer Stats
Question Answer % Correct
German is the official language of the Czech Republic False
96%
The Czech Republic has a land border with Hungary False
96%
The Czech Republic used to be united with Slovakia True
96%
Škoda Auto is based in the Czech Republic True
96%
Bohemia is the largest region in the Czech Republic True
96%
The Czech Republic consumes the most beer per capita out of any country True
87%
Brno is the second largest city in the Czech Republic True
87%
The Czech Republic uses the Euro as its currency False
83%
The Sudetenland was demanded in an ultimatum from Nazi Germany True
83%
Most Czech citizens are Roman Catholic False
78%
The Czech Republic shares its longest border with Germany True
78%
Charles Bridge spans the Danube River False
70%
The Elbe River flows through the Czech Republic True
70%
The Czech Republic has the lowest unemployment rate in the European Union True
57%
The Czech Republic is the only European country with the letter 'z' in its name (using official JetPunk names) False
35%
No matching quizzes found
Score Distribution
Percent of People with Each Score
Percentile by Number Answered
Your Score History
You have not taken this quiz